[Event "ROM-ch U18"]
[Site "Calimanesti"]
[Date "2014.04.12"]
[Round "8"]
[White "Constandache, Andrei George"]
[Black "Sandu, Marian Gabriel"]
[Result "1-0"]
[WhiteElo "1696"]
[BlackElo "1001"]
[PlyCount "59"]
[EventDate "2014.04.06"]
[EventType "swiss"]
[EventRounds "9"]
[EventCountry "ROU"]
[SourceTitle "CBM 160 Extra"]
[Source "ChessBase"]
[SourceDate "2014.07.01"]
[SourceVersion "1"]
[SourceVersionDate "2014.07.01"]
[SourceQuality "1"]

1. d4 d5 2. c4 c6 3. e3 Nf6 4. Nf3 Bg4 5. Be2 Nbd7 6. 0-0 e6 7. Nc3 Bd6 8. cxd5 cxd5 9. Bd2 0-0 10. Qb3 Nb6 11. Rac1 Rc8 12. Nb5 a6 13. Nxd6 Qxd6 14. Bb4 Qd8 15. Bxf8 Qxf8 16. Qxb6 Rb8 17. Rc7 Qd8 18. Rfc1 Nd7 19. Qd6 h6 20. Rxd7 Qe8 21. Rcc7 e5 22. Re7 Qf8 23. Qxd5 Bh5 24. Nxe5 Re8 25. Rxe8 Qxe8 26. Bxh5 Kh8 27. Qxf7 Qxf7 28. Bxf7 Kh7 29. Bg6+ Kh8 30. Rc8# 1-0